[Event "Brno Duras op"]
[Site "Brno"]
[Date "2016.07.01"]
[Round "7"]
[White "Matula, Pavel"]
[Black "Zeman, Arnost"]
[Result "0-1"]
[WhiteElo "1706"]
[BlackElo "1938"]
[PlyCount "38"]
[EventDate "2016.06.25"]
[EventType "swiss"]
[EventRounds "9"]
[EventCountry "CZE"]
[SourceTitle "CBM 173 Extra"]
[Source "ChessBase"]
[SourceDate "2016.08.29"]
[SourceVersion "1"]
[SourceVersionDate "2016.08.29"]
[SourceQuality "1"]

1. e4 c5 2. Nf3 e6 3. d4 cxd4 4. Nxd4 Nf6 5. f3 Nc6 6. Nc3 Bb4 7. Nxc6 bxc6 8. Bd2 0-0 9. Bd3 e5 10. Qe2 d5 11. 0-0-0 d4 12. Na4 Qa5 13. b3 Rb8 14. Bxb4 Rxb4 15. Qd2 Be6 16. c3 dxc3 17. Qxc3 Rxa4 18. Qxa5 Rxa5 19. Rd2 c5 0-1

[Event "Brno Duras op"]
[Site "Brno"]
[Date "2016.06.29"]
[Round "5"]
[White "Feldvabl, Vilem"]
[Black "Matula, Pavel"]
[Result "1/2-1/2"]
[WhiteElo "1627"]
[BlackElo "1706"]
[PlyCount "48"]
[EventDate "2016.06.25"]
[EventType "swiss"]
[EventRounds "9"]
[EventCountry "CZE"]
[SourceTitle "CBM 173 Extra"]
[Source "ChessBase"]
[SourceDate "2016.08.29"]
[SourceVersion "1"]
[SourceVersionDate "2016.08.29"]
[SourceQuality "1"]

1. d4 Nf6 2. Nf3 g6 3. Bf4 Bg7 4. c3 d6 5. h3 0-0 6. e3 Nbd7 7. Be2 Nh5 8. Bh2 h6 9. 0-0 f5 10. Nh4 Qe8 11. Nxg6 Qxg6 12. Bxh5 Qh7 13. f4 Nf6 14. Bf3 Kh8 15. Nd2 d5 16. Kh1 Ne4 17. Nxe4 dxe4 18. Bh5 Be6 19. Rg1 Bf6 20. g3 Rfd8 21. Qc2 Bc4 22. Be2 Bxe2 23. Qxe2 e6 24. Rg2 Rd7 1/2-1/2

[Event "Brno Duras op"]
[Site "Brno"]
[Date "2015.06.29"]
[Round "3"]
[White "Matula, Pavel"]
[Black "Spodny, Josef"]
[Result "0-1"]
[WhiteElo "1720"]
[BlackElo "1981"]
[PlyCount "66"]
[EventDate "2015.06.27"]
[EventType "swiss"]
[EventRounds "9"]
[EventCountry "CZE"]
[SourceTitle "CBM 167 Extra"]
[Source "ChessBase"]
[SourceDate "2015.09.14"]
[SourceVersion "1"]
[SourceVersionDate "2015.09.14"]
[SourceQuality "1"]

1. e4 c5 2. Nf3 Nc6 3. d4 cxd4 4. Nxd4 e5 5. Nxc6 bxc6 6. Bc4 Nf6 7. Nc3 Be7 8. 0-0 0-0 9. Kh1 d6 10. h3 Be6 11. Qe2 Qc8 12. Bxe6 Qxe6 13. Bg5 h6 14. Bxf6 Bxf6 15. Rfd1 Be7 16. Qg4 Rab8 17. b3 Qxg4 18. hxg4 g6 19. f3 Kg7 20. g3 Rbd8 21. Kg2 Rh8 22. Rh1 d5 23. exd5 Bb4 24. Na4 Rxd5 25. c3 Rd2+ 26. Kh3 Be7 27. Rae1 h5 28. g5 Bxg5 29. Rxe5 Bf6 30. Rc5 g5 31. Rb1 Be7 32. Rxc6 f5 33. g4 hxg4+ 0-1

[Event "Brno Duras op-B"]
[Site "Brno"]
[Date "2014.07.01"]
[Round "4"]
[White "Matula, Pavel"]
[Black "Kandalec, Stefan"]
[Result "1-0"]
[WhiteElo "1261"]
[BlackElo "1722"]
[PlyCount "131"]
[EventDate "2014.06.28"]
[EventType "swiss"]
[EventRounds "9"]
[EventCountry "CZE"]
[SourceTitle "EXT 2017"]
[Source "ChessBase"]
[SourceDate "2016.10.25"]
[SourceVersion "1"]
[SourceVersionDate "2016.10.25"]
[SourceQuality "1"]

1. e4 e5 2. Nc3 Nf6 3. f4 d5 4. fxe5 Nxe4 5. Nf3 Bg4 6. Qe2 Nc6 7. Nxe4 Nd4 8. Qd3 Nxf3+ 9. gxf3 Qh4+ 10. Nf2 0-0-0 11. fxg4 Bc5 12. Qf5+ Kb8 13. d4 Bxd4 14. Bg5 Bxf2+ 15. Qxf2 Qxg5 16. Be2 Rhe8 17. 0-0 Rxe5 18. Bf3 h5 19. Qg2 hxg4 20. Qxg4 Qe3+ 21. Kh1 Rg5 22. Rae1 Rxg4 23. Rxe3 Rh4 24. Rfe1 Kc8 25. Re7 Rdh8 26. R1e2 Rf4 27. Bxd5 g5 28. Bxf7 g4 29. Be6+ Kb8 30. Bxg4 a6 31. h3 Ka7 32. Kg2 Rc4 33. Bf5 Rg8+ 34. Kh2 Rf4 35. Bd3 Rf1 36. Rxc7 Rgg1 37. Be4 Kb6 38. Rxb7+ Kc5 39. Rg2 Rh1+ 40. Kg3 Re1 41. Rd2 Rxe4 42. Rd3 Kc6 43. Rb8 Kc7 44. Rh8 Rg1+ 45. Kf2 Rg7 46. h4 Rf4+ 47. Ke3 Rf6 48. h5 Rg3+ 49. Ke4 Rg4+ 50. Ke5 Rgf4 51. h6 R6f5+ 52. Ke6 Rf6+ 53. Ke7 Rf7+ 54. Ke8 Kb6 55. Rd7 R7f6 56. Rhh7 Rh4 57. Rb7+ Ka5 58. Rhf7 Rfxh6 59. Rf5+ Ka4 60. Kd8 Rh8+ 61. Kc7 Rc4+ 62. Kb6 Rh6+ 63. Ka7 Re4 64. Rf3 Ka5 65. Ra3+ Ra4 66. b4# 1-0